Can you name the Taylor Swift song from the outro? - Statistics

General Stats
  • This quiz has been taken 96 times
  • The average score is 10 of 13
Answer Stats
Hint Answer % Correct
Combat, I'm ready for combat The Archer
94%
(Flashin' lights; Oh, Lord; Oh)
Let's fast forward to three hundred takeout coffees later (Oh)
(Flashin' lights) I was hoping you'd be there
And say the one thing (Oh, Lord)
I've been wanting (Oh, Lord)
But no
(Was it? Was it? Was it? Was it? Was it? Was it?)
Is It Over Now?
93%
I guess sometimes we all get
Just what we wanted, just what we wanted
And he never thinks of me
Except for when I'm on TV
I guess sometimes we all get
Some kind of haunted, some kind of haunted
And I never think of him
Except on midnights like this
(Midnights like this, midnights like this)
Midnight Rain
93%
His love was like driving a new Maserati down a dead-end street Red
91%
Standing in your cardigan Kissin' in my car again Stopped at a streetlight You know I miss you betty
90%
Please, don't ever become a stranger (To the memories, they will hold on to you) Whose laugh I could recognize anywhere (Hold on to the memories, they will hold on to you) Please, don't ever become a stranger (Hold on to the memories, they will hold on to you) Whose laugh I could recognize anywhere (And I will hold on to you) New Year's Day
88%
(Come on) Do you still feel like you know what you're doin'? 'Cause I don't think you do, oh (No, no, no, no) Do you still feel like you know what you're doing? (No) I don't think you do, I don't think you do Let's hear the applause (Come on, come on) Come on, show me how much better you are (Oh, oh) (So much better, yeah?) So you deserve some applause 'Cause you're so much better She took him faster than you could say "Sabotage" Better Than Revenge
85%
What a shame she went mad You made her like that mad woman
76%
I-I-I-I, I-I-I-I I-I-I-I, I-I-I-I (I, I) I Know Places
74%
Gleaming, twinkling
Eyes like sinking
Ships on waters
So inviting, I almost jump in
gold rush
64%
Oh, think of me, mmm
He said the way my blue eyes shined
Put those Georgia stars to shame that night
I said, "That's a lie"
Tim McGraw
58%
With your face and the beautiful eyes And the conversation with the little white lies And the faded picture of a beautiful night You carried me from your car up the stairs And I broke down cryin', was she worth this mess? After everything and that little black dress After everything, I must confess I need you The Other Side Of The Door
56%
Tonight, I'm gonna dance (Ooh-ayy, ooh-ayy) For all that we've been through (Ooh-ayy, oh-woah) But I don't wanna dance (Ooh-ayy, ooh-ayy) If I'm not dancin' with you (Ooh-ayy, oh-woah) Tonight, I'm gonna dance (Ooh-ayy, ooh-ayy) Like you were in this room (Ooh-ayy, oh-woah) But I don't wanna dance (Ooh-ayy, ooh-ayy) If I'm not dancin' with you Holy Ground
51%
No matching quizzes found
Score Distribution
Percent of People with Each Score
Percentile by Number Answered
Your Score History
You have not taken this quiz